IEP Lyon - CF Histoire 1870 (4) - Statistiques

Statistiques générales
  • Ce quiz a été pris 56 fois
    45 depuis la dernière actualisation
  • Le résultat moyen est 32 sur 62
Statistiques - réponses
Hint Réponse % Correct
On a une politique anti ... qui est d'abord pas trop hostile car Waldeck-Rousseau ne veut pas créer une guerre religieuse (Léon 13 non plus ne veut pas être extrémiste -> compromis) cléricale
89%
Ce gouvernement est beaucoup plus ferme sur ses positions envers l'... : application rigoureuse de la loi des congrégations religieuses, ferme une centaine d'établissements dès juin 1902... (mais Jaurès est en désaccord) Eglise
89%
Les élections de 1902 sont marquées par une débat clivé, binaire entre la droite (s'appuie sur la peur sociale des "rouges") et la gauche (défense de la République, réformes sociales) --> c'est une victoire du Bloc des ... gauches
89%
- question de l'... sur le revenu : dans le programme du parti radical, projet présenté par Joseph Caillaux en 1907. impôt
84%
L'opposition des catholiques se manifeste durant la crises des ... (février-mars 1906) Le pape condamne la loi et les ... par deux encycliques en 1906. (c'est le même mot les deux fois) inventaires
84%
La situation était tendue depuis 1903 avec le nouveau pape ... qui est profondément réactionnaire et hostile envers le gouvernement de la République. Le 30 juillet 1904 c'est la rupture des relations diplomatiques avec le Vatican. Pie X
84%
Les élections de mai 1906 redistribuent la majorité parlementaire. Le parti ... n'a plus besoin de l'appoint des socialistes pour obtenir la majorité. radical
84%
Entre juin 1899 et juin 1902, c'est le gouvernement ....-.... (Défense Républicaine) Waldeck-Rousseau
84%
Le Bloc des gauches ou Bloc républicain (alliance de forces politiques de gauches créée en vue des élections législatives de 1902 après la recomposition des fractions de gauches et conservatrices à la suite des remous de l'affaire Dreyfus) a été créé en quelle année ? 1899
79%
Le comité exécutif du parti radical met fin au Bloc le 27 janvier ... et Combes démissionne le 18 janvier de l'année suivante. 1904
79%
- politique sociale limitée : le ministère du Travail est fondé en ... et la journée de 8h pour les mineurs est accordée en 1908 mais Clemenceau est actif dans la répression des mouvements sociaux 1906
79%
Emergence et renforcement d'avant-gardes politiques: - l'extrême-droite avec l'... .... (ligue fondée en 1905 --> radicalise les comportements des ligues antidreyfusardes avec des violences de rue, des agitations/manifestations (deux mots) Action Française
79%
La séparation avec les partis politiques est réalisée par la Charte d'... en 1906. Amiens
79%
En octobre 1904, c'est l'affaire des ... : scandale politique révélé dans la presse qui concerne une opération de fichage politique et religieux dans l'armée. (André ministre de la Guerre) fiches
79%
Du 23 octobre 1906 au 20 juillet 1909, le gouvernement est dirigé par ... Georges Clemenceau
79%
A partir de 1905-1906, on a une multiplication du nombre de grèves qui sont plus ... (ex : 2 morts et 10 blessés à Draveil le 2 juin 1908, 4 morts et des centaines de blessés à Villeneuve-Saint-Georges le 30 juillet 1908) violentes
79%
Les grèves se multiplient : sont multipliées par .. entre 1898 et 1900 3 (de 368 à 902 grèves)
74%
Les tensions franco-allemandes sont particulièrement ... (idée de revanche toujours présente, affaire Schnaebelé en 1887) fortes
74%
Thiers rembourse rapidement les indemnités de guerres grâce à 2 emprunts. Le territoire est évacué en septembre ... --> la puissance économique de la France n'est pas trop endommagée par la guerre 1873
68%
L'extrême droite se base sur un discours de la jeunesse énergique mais il s'agit d'un gourpe minoritaire avec une base sociale très ... (quelques milliers d'adhérents en 1910, cadres traditionnels du monarchisme) étroite / faible / réduite
68%
- socialistes : SFIO unie en 1905 mais bases restent incertaines. reste un ... parti : 4k adhérents en 1906, 90k en 1914 militantisme reste difficile petit
68%
Pour alimenter la rupture, le milieu de l'art se structure avec de nouveaux ... : journalistes, critiques... acteurs
63%
De juin 1902 à janvier 1905, c'est le gouvernement ... Combes
63%
Les accords passés par Bismarck avec les puissances européennes ... la France et augmente ses oppositions aux autres puissances isole
63%
"Rupture vis-à-vis des pratiques/valeurs admises, autonomie à la fois esthétique et économique" -> définition de l'...-... artistique avant-garde
58%
La politique économique de l'Etat consiste à établir une cohérence industrielle et commerciale ainsi que de protéger le marché ... (par réglementation, législation, coordination des acteurs économiques) intérieur
58%
Tradition administrative du 19ème siècle : l'Etat reste modeste, le budget est financé surtout par les impôts indirects. L'administration est peu ... (450k fonctionnaires en 1914) nombreuse
58%
Reconstruire la force militaire : la loi militaire de ... réorganise l'encadrement et la formation. Augmentation du budget de l'armée : 457M entre 1871-5 et 613M entre 1881-5 1872
53%
La triple alliance est relancée lors de la conférence de Berlin en ... (alliance défensive avec l'Autriche-Hongrie en 1879) 1878
53%
Dans les années 1880, on a une relance de la ... (sorte d'échappatoire pour des raisons économiques, stratégiques, symboliques.) Stratégies de différents acteurs qui poussent à l’extension commerciale (ex : chambre de commerce de Bordeaux qui pousse à aller vers l’Afrique de l’Ouest, celle de Lyon pousse vers le Moyen-Orient colonisation
53%
Symbole de la violence des conditions de travail : la catastrophe de ... en mars 1906 qui fait 1100 morts parmi les mineurs --> CGT appelle à une grève nationale Clemenceau est contesté pour sa répression des grèves ("gouvernement d'assassins) Courrières
53%
Une société bloquée ? L'ascension sociale reste ..., déchéance sociale possible malgré une augmentation du niveau de vie moyen. longue / difficile
53%
La grève devient un mode d'expression de protestation usuel pour les classes ouvrières avec des mécanismes de ... (collectes pour financer l'effort de grève, marmite collective, prise en charge des enfants par les syndicats), une ritualisation et une médiatisation --> la grève rentre dans la culture populaire. solidarité
53%
L'expansion coloniale a une dynamique économique, scientifique et ... (argument civilisationnel et raciaux - discours de Jules Ferry en 1885) culturelle
47%
- syndicalistes : CGT fondée en 1895. Thème porteur de la ... ... (immobiliser la production dans tous les secteurs du métier) grève générale
47%
A la fin du 19ème siècle, les conflits coloniaux se règles sans guerre ou alors en dehors d'Europe. La "sécurité ..." est entendue comme assurée par toutes les puissances pour permettre une désescalade dans un contexte de croissance de l'Europe. intérieure / collective
47%
Créer un Etat des républicains : les rapports entre Etat et administration gérés par la ... et non par les textes. Les maires (républicains convaincus) ont beaucoup d'importance. pratique
47%
Entre 1872 et 1873 l'alliance des ... .... est établie entre l'Allemagne, l'Autriche-Hongrie et la Russie. Mais elle est fragilisée par des intérêts divergents de ces puissances (ex : guerre russo-turque de 1877-8, déception de la Russie qui va s'écarter de l'Allemagne) trois empereurs
47%
Discours d'une science triomphante : - ex : Marie Curie reçoit le Prix Nobel de physique en ....; traversée de la Manche par Blériot en 1909 1911
42%
Le projet de loi de séparation de l'Eglise et de l'Etat est présenté par Aristide Briand le 21 mars et est adoptée le .. ... .... (jour mois année) --> liberté de conscience, d'exercice des cultes mais l'Etat ne finance rien. Les biens de l'Eglise sont transférés à des associations culturelles 9 décembre 1905
42%
- catholique : les jeunes catholiques rassemblés autour du ... (revue fondée en 1894 par Marc Sangnier. Volonté de constitution d'un parti démocrate chrétien mais échec car dès 1910, condamnation par Pie X. Sillon
42%
Qui est le ministre du Commerce et de l’Industrie veut accélérer la législation du travail et organiser la concertation entre patrons et ouvriers qui s'y opposent (Comité républicain du Commerce et de l'Industrie). Il encourage la capacité civile des syndicats, réglementation du droit de grève avec l’arbitrage obligatoire avant la grève. Alexandre Millerand
37%
La politique sociale (1880s-1890s) républicaine est vue comme une manière de garantir l’ordre et pour répondre aux crises politiques et économiques. Elle consiste à reconnaître les ... sur le marché du travail pour permettre la protection des lésés. Elle s'applique à l'aide de nouveaux instruments, savoirs et mots. inégalités
37%
Le Bloc des gauches veut aussi ... les relations sociales dans un contexte de syndicalisation, contexte économique favorable aux revendications. pacifier
37%
Le catholicisme cherche à s'adapter aux avancées scientifiques mais condamnation par le pape en .... Rôle des associations pour relancer son action. Nouvelle génération d'écrivains qui se rapprochent du catholicisme. 1907
32%
Cristallisation de la contestation syndicale le .. .... .... (jour mois année): Clemenceau en fait un acte symbolique contre lequel il faut s'opposer pour mettre fin à l'influence de la CGT. Paris est mis en état de siège, occasion pour la presse de susciter la peur --> radicalisation des mouvements de grève 1er mai 1906
32%
Il s'attache à : - liquider le conflit avec l'Eglise en clarifiant l'attribution des biens de l'Eglise avec les lois sur la ... des biens culturels le 2 janvier 1907 et des biens d'Eglise le 7 avril 1908 dévolution
32%
Avec la loi du 7 juillet 1904 on a la suppression de tout ... congréganiste (10 ans pour se barrer). enseignement
32%
En 1914, la société française est formée de groupes sociaux encore ... : - haute société dominée par l'aristocratie, grande bourgeoisie qui ont un pouvoir économique et social - bourgeoisie (haut de la classe moyenne, bourgeoisie de "travail", catégorie populaire) - couches nouvelles (entrepreneurs, commerçants indépendants) - catégorie populaire inégalitaires
32%
Agitation paysanne : les vignes du Midi ont été remplacées par des ... détenues par des grandes entreprises. Le contexte s'aggrave en 1907 avec la concurrence des vins sucrés d'Algérie) ainsi qu'une surproduction qui fragilise l'économie du vignoble languedocien. Cristallisation du mouvement en 1907 avec des meetings de masse de ville en ville réunissant des centaines de milliers de personnes. monocultures
32%
Le Bloc des gauches veut ... les administrations par la répression (écartement ou renvoi de certains fonctionnaires) ou par la vérification de l'opinion des fonctionnaires. républicaniser
32%
Le radicalisme est ... - parce qu'il n'a pas de chef ni de programme précis - parce que le soutien n'est pas aussi simple (réputation d'être le parti des classes moyennes, soutien de la classe ouvrière VS Clemenceau) divisé
26%
La loi sur les association date du .. ... ... : toute association peut être constituée et posséder des biens à condition d'être déclarée sauf les congrégations religieuses qui doivent obtenir une autorisation légal soit un passe droit dans le Chambre des députés. (jour mois année) 1 juillet 1901
21%
L'Etat républicain reste très ... et s'inscrit dans la perspective des libéraux du 19ème selon lesquels l'Etat doit intervenir le moins possible. conservateur
21%
Sur ces plans, s’ouvre un ... entre ce que la société française pensent d’elle-même et ce qu’elle est en réalité. --> Représentation VS réalité qui permet de comprendre l’atmosphère particulière de l’immédiate avant guerre où la société française reste globalement solide mais est traversée par des questionnements sur le progrès, sa place et le modèle dont elle se revendique que l’on peut observer à travers le phénomène des avant gardes. décalage
16%
Lieu dans lequel la rupture est mise en scène : l'... (ex : Déjeuner sur l'Herbe de Manet) exposition
16%
Quel auteur pose la question d'une république radicale ? on a une majorité parlementaire qui se structure autour du parti radical qui s'allie tantôt à gauche, tantôt à droite. Madeleine Rébérioux
16%
Contestation des fonctionnaire : situation enviée mais qui se dégrade au début du siècle. Des grèves sont lancées en 1905-1907. La volonté de ... des fonctionnaires n'est pas acceptée parce que ce sont des fonctionnaires et les républicains sont fermes. syndicalisation
16%
La science joue un rôle dans la culture populaire : - synonyme de progrès : diffusion dans le théâtre pédagogique et dans des expositions (exposition universelle de 1900) - mais aussi synonyme d'... : mélange des certitudes de la sciences et le spiritisme --> critiques du mouvement ouvrier et de la droite conservatrice incertitudes
11%
L'organisation administrative reste très lacunaire, l'Etat veut en garder le contrôle pour éviter qu'elle ne devienne un ...-.... --> idée que l'administration est un rouage, un instrument contre-pouvoir
5%
Clemenceau réagit en arrêtant le député socialiste ... à la tête du mouvement, fait intervenir la troupe (morts) et fait jeter le discrédit contre Marcellin Albert (lui glisse un billet dans la poche) Ferroul
5%
En 1910 (élections confuses), qui devient chef du gouvernement ? Joseph Caillaux
5%
Aucun quiz correspondant
Distribution des résultats
% des personnes avec chaque résultat
Percentile par nombre de réponses
Votre historique - résultats
Vous n’avez pas pris ce quiz depuis la dernière actualisation